000 00460nam a2200181Ia 4500
001 10641
005 20260306161847.0
008 260306t2016||||xx |||||||||||||| ||spa||
041 _aESP
082 _a946.009
_bP17
100 _aPayne, Stanley G.
_eAUT
245 0 _aNiceto Alcalá-Zamora, el fracaso de la república conservadora
260 _c2016
300 _a295 páginas :
_c23 cm.
650 _aGEN
654 _aCHU
942 _cLIB
_dJUS
_fJUS
_2ddc
_n
999 _c10641
_d10641